000 00612nam a2200193Ia 4500
008 140626s9999 xx 000 0 und d
100 _aBourne, Lyle.
245 _aIntention to respond in a special way offers some protection against forgetting association /
_cLyle Bourne ... [et al.].
260 _cc2012.
300 _a125 : 1, page 23
440 _aThe American Journal of Psychology
521 _aPSYCH
650 _aContingency analysis.
650 _aMemory accuracy.
650 _aMemory-updating paradigm.
650 _aResponse times.
650 _aTime pressure conditions.
942 _cSE
999 _c121335
_d121335